<?xml version="1.0" encoding="UTF-8"?>
<record
    xmlns:xsi="http://www.w3.org/2001/XMLSchema-instance"
    xsi:schemaLocation="http://www.loc.gov/MARC21/slim http://www.loc.gov/standards/marcxml/schema/MARC21slim.xsd"
    xmlns="http://www.loc.gov/MARC21/slim">

  <leader>01490nam a2200217 u 4500</leader>
  <controlfield tag="001">000003314</controlfield>
  <controlfield tag="005">20200929150418.0</controlfield>
  <controlfield tag="008">090707s1982    dr      r     000 0 spa d</controlfield>
  <datafield tag="040" ind1=" " ind2=" ">
    <subfield code="a">DO-SdBNP</subfield>
    <subfield code="b">spa</subfield>
    <subfield code="c">BNPHU</subfield>
  </datafield>
  <datafield tag="082" ind1=" " ind2=" ">
    <subfield code="a">330.97293</subfield>
    <subfield code="b">P581a</subfield>
  </datafield>
  <datafield tag="100" ind1="1" ind2=" ">
    <subfield code="a">Piantini Munnigh, Luis Manuel</subfield>
    <subfield code="9">10409</subfield>
  </datafield>
  <datafield tag="245" ind1="1" ind2="0">
    <subfield code="a">Apuntes de econom&#xED;a y pol&#xED;tica /</subfield>
    <subfield code="c">Luis Manuel Piantini; pr&#xF3;logo Willian Napole&#xF3;n Liriano.</subfield>
  </datafield>
  <datafield tag="260" ind1=" " ind2=" ">
    <subfield code="a">Santo Domingo :</subfield>
    <subfield code="b">Amigo del Hogar,</subfield>
    <subfield code="c">1982.</subfield>
  </datafield>
  <datafield tag="300" ind1=" " ind2=" ">
    <subfield code="a">114 p. ;</subfield>
    <subfield code="c">22 cm.</subfield>
  </datafield>
  <datafield tag="505" ind1="2" ind2=" ">
    <subfield code="t">Prisma econ&#xF3;mico --</subfield>
    <subfield code="t">Perspectiva del mercado azucarero --</subfield>
    <subfield code="t">Sobre el sector industrial --</subfield>
    <subfield code="t">Sobre la liquidez del sistema -</subfield>
    <subfield code="t">El financiamiento del desarrollo --</subfield>
    <subfield code="t">Un acuerdo y un reconocimiento --</subfield>
    <subfield code="t">Medidas aplicables ante el actual estado de emergencia --</subfield>
    <subfield code="t">Reflexiones econ&#xF3;micas en relaci&#xF3;n a dos nuevos proyectos de ley --</subfield>
    <subfield code="t">Econom&#xED;a y cristianismo --</subfield>
    <subfield code="t">Soluci&#xF3;n a la problem&#xE1;tica de los veh&#xED;culos de motor --</subfield>
    <subfield code="t">Recordando al poeta y restaurador Manuel Rodr&#xED;guez Obj&#xED;o --</subfield>
    <subfield code="t">Afloj&#xE9;mosle la soga al burro --</subfield>
    <subfield code="t">La potranca coja --</subfield>
    <subfield code="t">La hamaca y la colombina --</subfield>
    <subfield code="t">La monstruosa mentira nacional --</subfield>
    <subfield code="t">Carta de dos n&#xE1;ufragos --</subfield>
    <subfield code="t">Los poderes del Estado --</subfield>
    <subfield code="t">La prenda de la autenticidad --</subfield>
    <subfield code="t">Reflexiones econ&#xF3;micas.</subfield>
  </datafield>
  <datafield tag="590" ind1=" " ind2=" ">
    <subfield code="a">Inventariado, 2018/ YL</subfield>
  </datafield>
  <datafield tag="651" ind1=" " ind2="4">
    <subfield code="a">Rep&#xFA;blica Dominicana</subfield>
    <subfield code="x">Condiciones Econ&#xF3;micas</subfield>
    <subfield code="9">281</subfield>
  </datafield>
  <datafield tag="651" ind1=" " ind2="4">
    <subfield code="a">Rep&#xFA;blica Dominicana</subfield>
    <subfield code="x">Pol&#xED;tica Econ&#xF3;mica</subfield>
    <subfield code="9">643</subfield>
  </datafield>
  <datafield tag="700" ind1="1" ind2=" ">
    <subfield code="a">Liriano, Willian Napole&#xF3;n,</subfield>
    <subfield code="e">pr&#xF3;l.</subfield>
    <subfield code="9">10410</subfield>
  </datafield>
  <datafield tag="910" ind1=" " ind2=" ">
    <subfield code="a">Validado. Control de calidad MMOLINA</subfield>
  </datafield>
  <datafield tag="952" ind1=" " ind2=" ">
    <subfield code="0">0</subfield>
    <subfield code="1">0</subfield>
    <subfield code="7">1</subfield>
    <subfield code="8">PD</subfield>
    <subfield code="a">PD</subfield>
    <subfield code="b">PD</subfield>
    <subfield code="c">HD</subfield>
    <subfield code="d">2009-07-07</subfield>
    <subfield code="i">LF1</subfield>
    <subfield code="l">0</subfield>
    <subfield code="o">330.97293 P581a</subfield>
    <subfield code="p">3314-10</subfield>
    <subfield code="r">2020-06-25</subfield>
    <subfield code="w">2020-06-25</subfield>
    <subfield code="y">LFPD</subfield>
    <subfield code="Z">No se presta</subfield>
  </datafield>
  <datafield tag="999" ind1=" " ind2=" ">
    <subfield code="c">3145</subfield>
    <subfield code="d">3145</subfield>
  </datafield>
</record>
